000 00838nam a2200181Ia 4500
008 151202s9999||||xx |||||||||||||| ||und||
082 _bPNVM-79424
100 _aचिपळूणकर विष्णुशास्त्री.
245 _aविनोद महदाख्यायिका-निबंधमालेतून.
260 _b"वरदा बुक्स,पुणे."
260 _c1995
300 _a170
600 _aचिपळूणकर विष्णुशास्त्री.
630 _aविनोद महदाख्यायिका-निबंधमालेतून.
700 _aचिपळूणकर विष्णुशास्त्री.
730 _aविनोद महदाख्यायिका-निबंधमालेतून.
942 _cBOOK
999 _c1344033
_d1344030